NBA Players by Letter - L - Statistics

General Stats
  • This quiz has been taken 22 times
  • The average score is 8 of 23
Answer Stats
Team Answer % Correct
Raptors Kawhi Leonard
79%
Heat Meyers Leonard
79%
Trail Blazers Damian Lillard
63%
Cavaliers Kevin Love
58%
Kings Alex Len
42%
Warriors Kevon Looney
42%
Bulls Zach Lavine
42%
Bucks Brook Lopez
37%
Mavericks Courtney Lee
37%
Warriors Damion Lee
37%
Bucks Robin Lopez
37%
Trail Blazers Nassir Little
32%
Pacers Jeremy Lamb
26%
Raptors Kyle Lowry
26%
Spurs Trey Lyles
26%
Celtics Romeo Langford
21%
Nets Caris LeVert
16%
Timberwolves Jake Layman
16%
Suns Jalen Lecque
16%
Nets Timothe Luwawu-Cabarrot
16%
Hawks Skal Labissiere
11%
Pacers TJ Leaf
11%
Magic Vic Law
11%
No matching quizzes found
Score Distribution
Percent of People with Each Score
Percentile by Number Answered
Your Score History
You have not taken this quiz